000 00209nam a2200097Ia 4500
008 190216s9999||||xx |||||||||||||| ||und||
100 _aAppunni Nambiar
245 0 _aValum Kappum
260 _bNull
942 _cBK
999 _c23999
_d23999